[Event "Pardubice Czech op-E 32nd"]
[Site "Pardubice"]
[Date "2021.07.15"]
[Round "1.3"]
[White "Michalek, Miroslav"]
[Black "Vojta, Tomas"]
[Result "0-1"]
[WhiteElo "1646"]
[BlackElo "2317"]
[PlyCount "46"]
[EventDate "2021.07.15"]
[EventType "team-swiss"]
[EventRounds "7"]
[EventCountry "CZE"]
[SourceTitle "CBM 203 Extra"]
[Source "ChessBase"]
[SourceDate "2021.09.30"]
[SourceVersion "1"]
[SourceVersionDate "2021.09.30"]
[SourceQuality "1"]
[WhiteTeam "Correspodence Chess"]
[BlackTeam "Brno Moravska Slavia"]
[WhiteTeamCountry "CZE"]
[BlackTeamCountry "CZE"]

1. d4 d5 2. Bf4 Nf6 3. e3 e6 4. Nf3 c5 5. c3 Nc6 6. Nbd2 Bd6 7. Bg3 Bxg3 8. hxg3 Qd6 9. Bd3 Bd7 10. a4 h6 11. Qc2 Rc8 12. Qb1 0-0 13. Ng5 cxd4 14. exd4 e5 15. Bh7+ Kh8 16. Bg6 exd4 17. Nxf7+ Rxf7 18. Bxf7 Qe7+ 19. Kf1 Qxf7 20. cxd4 Ng4 21. Nf3 Nxd4 22. Ra3 Rc2 23. Qd1 Rxf2+ 0-1

[Event "Trebic Highlands op 11th"]
[Site "Trebic"]
[Date "2017.09.26"]
[Round "4"]
[White "Navratilova, Alena"]
[Black "Michalek, Miroslav"]
[Result "1/2-1/2"]
[WhiteElo "1692"]
[BlackElo "1720"]
[PlyCount "69"]
[EventDate "2017.09.23"]
[EventType "swiss"]
[EventRounds "9"]
[EventCountry "CZE"]
[SourceTitle "EXT 2018"]
[Source "ChessBase"]
[SourceDate "2017.10.13"]
[SourceVersion "1"]
[SourceVersionDate "2017.10.13"]
[SourceQuality "1"]

1. Nf3 d5 2. d4 c6 3. g3 Nf6 4. Bg2 Bf5 5. 0-0 h6 6. Nbd2 Nbd7 7. Re1 e6 8. c4 Be7 9. b3 0-0 10. Bb2 Ne4 11. a3 Rb8 12. Nxe4 dxe4 13. Nd2 Nf6 14. e3 b5 15. b4 a5 16. bxa5 Qxa5 17. cxb5 Qxb5 18. Bc3 Nd5 19. Qc2 Qd3 20. Rec1 Qxc2 21. Rxc2 Nf6 22. Raa2 Rfc8 23. h3 Ra8 24. Bb4 Bxb4 25. axb4 Rab8 26. Ra6 Rxb4 27. Raxc6 Rxc6 28. Rxc6 Rb2 29. Nf1 Nd5 30. Rc1 Nb4 31. Rd1 Nd3 32. Nd2 Ne1 33. Rxe1 Rxd2 34. Rc1 Kf8 35. g4 1/2-1/2

[Event "Kouty nad Desnou op-A"]
[Site "Kouty nad Desnou"]
[Date "2015.03.10"]
[Round "5"]
[White "Michalek, Miroslav"]
[Black "Cibikova, Sofia Anna"]
[Result "0-1"]
[WhiteElo "1786"]
[BlackElo "1582"]
[PlyCount "96"]
[EventDate "2015.03.07"]
[EventType "swiss"]
[EventRounds "9"]
[EventCountry "CZE"]
[SourceTitle "EXT 2017"]
[Source "ChessBase"]
[SourceDate "2016.10.25"]
[SourceVersion "1"]
[SourceVersionDate "2016.10.25"]
[SourceQuality "1"]

1. e4 Nf6 2. e5 Nd5 3. d4 d6 4. Nf3 Nc6 5. c4 Nb6 6. exd6 exd6 7. Be2 Be7 8. 0-0 0-0 9. Be3 Bf5 10. Qd2 Re8 11. b4 Bf6 12. b5 Ne7 13. a4 a5 14. Nc3 Bg6 15. g4 h6 16. g5 hxg5 17. Bxg5 Nf5 18. Rfe1 Bxg5 19. Nxg5 Nxd4 20. Qxd4 Qxg5+ 21. Kh1 Qe5 22. Qd2 Qc5 23. Qf4 Re5 24. Nd5 Be4+ 25. Bf3 Bxf3+ 26. Qxf3 Nxd5 27. cxd5 Qxd5 28. Qxd5 Rxd5 29. Re7 Rc8 30. Rc1 Rc5 31. Rxc5 dxc5 32. b6 cxb6 33. Rxb7 Rc6 34. Kg1 c4 35. Rd7 c3 36. Rd1 c2 37. Rc1 Kf8 38. Kf1 Rc4 39. Ke2 Ke7 40. Kd3 Rc8 41. f3 Rc5 42. Kd4 Kd6 43. Kd3 Kc6 44. Rxc2 Rxc2 45. Kxc2 b5 46. axb5+ Kxb5 47. f4 f5 48. h4 Kc4 0-1

[Event "Kouty nad Desnou op-B"]
[Site "Kouty nad Desnou"]
[Date "2014.03.08"]
[Round "1"]
[White "Vantuch, Lucian"]
[Black "Michalek, Miroslav"]
[Result "1/2-1/2"]
[WhiteElo "1334"]
[BlackElo "1794"]
[PlyCount "114"]
[EventDate "2014.03.08"]
[EventType "swiss"]
[EventRounds "9"]
[EventCountry "CZE"]
[SourceTitle "EXT 2015"]
[Source "ChessBase"]
[SourceDate "2014.11.20"]
[SourceVersion "1"]
[SourceVersionDate "2014.11.20"]
[SourceQuality "1"]

1. e4 c6 2. d4 d5 3. Nc3 dxe4 4. Nxe4 Bf5 5. Ng3 Bg6 6. Nf3 Nd7 7. h4 h6 8. h5 Bh7 9. Bd3 Bxd3 10. cxd3 e6 11. Bf4 Ngf6 12. Qc2 Nd5 13. Bd2 Qb6 14. 0-0 Be7 15. Rfe1 0-0 16. Rac1 Rac8 17. Ne5 Nxe5 18. dxe5 Rfd8 19. a3 Bh4 20. Ne4 Qd4 21. Qc4 Qxe5 22. Nc5 Qc7 23. Qxh4 Nf6 24. Bxh6 Rd5 25. Bg5 Nh7 26. Bf4 Qa5 27. Re5 f6 28. Rxd5 cxd5 29. Nb3 Rxc1+ 30. Nxc1 Qe1+ 31. Kh2 e5 32. Nb3 exf4 33. Qxf4 Qe7 34. Qg3 Qf7 35. Qg6 Qxg6 36. hxg6 Nf8 37. Kg3 Nxg6 38. Kf3 Kf7 39. Ke3 b6 40. Kd4 Ke6 41. g3 Ne7 42. g4 g6 43. f4 f5 44. g5 Nc6+ 45. Kc3 Kd6 46. a4 Ke6 47. Nd4+ Nxd4 48. Kxd4 Kd6 49. Kc3 a6 50. Kb4 Kc6 51. a5 b5 52. Kc3 Kc5 53. b4+ Kc6 54. Kd4 Kd6 55. Ke3 Ke6 56. Kd2 Kd6 57. Kc2 d4 1/2-1/2